Dialogues in urban and regional planning 1

Αποθηκεύτηκε σε:
Λεπτομέρειες βιβλιογραφικής εγγραφής
Άλλοι συγγραφείς: Stiftel, Bruce (Επιμελητής έκδοσης), Watson, Vanessa (Επιμελητής έκδοσης)
Μορφή: Βιβλίο
Γλώσσα:English
Δημοσίευση: London : Routledge, 2005
Σειρά:Dialogues in urban and regional planning ; ; 1
Θέματα:
Ετικέτες: Προσθήκη ετικέτας
Δεν υπάρχουν, Καταχωρήστε ετικέτα πρώτοι!

MARC

LEADER 00000nam a2200000 i 4500
001 1/90936
008 080711s2005 eng d
020 |a 0-415-34693-2 
035 |l 10098920 
040 |a GR-MY-UA  |b gre  |e aacr 
041 0 |a eng 
082 0 |a 307.1216  |2 (22) 
245 1 0 |a Dialogues in urban and regional planning 1 /  |c edited by Bruce Stiftel and Vanessa Watson 
260 |a London :   |b Routledge,   |c 2005 
300 |a xv, 355 σ.;  |b εικ., χάρτες;  |c 24 εκ. 
490 1 |a Dialogues in urban and regional planning  |v ; 1 
500 |a Ταυτόχρονα δημοσιευμένο στις ΗΠΑ και τον Καναδά από Routledge 
504 |a Περιέχει βιβλιογραφικές παραπομπές και ευρετήριο 
650 0 0 |a City planning  |x Research. 
650 0 0 |a City planning  |x Case studies. 
650 0 0 |a Regional planning  |x Research. 
650 0 0 |a Regional planning  |x Case studies. 
700 1 |a Stiftel, Bruce.  |4 edt 
700 1 |a Watson, Vanessa.  |4 edt 
830 0 |a Dialogues in urban and regional planning ;  |v ; 1 
852 |a INST  |b LESVOS  |e 20080711  |h 307.1216 DIA  |p 005100041756  |q 005100041756  |t BK  |y 0 
901 |a BIBL1-2008-2 
909 |a Λ  |b 143205 
922 |a 1ΕΛΗ  |b 200712  |c ΕΠΕΑΕΚ2/ΤΓ  |d ΠΑΠΑΣΩΤΗΡΙΟΥ 
970 |a ΚΑΡΑ  |b ΓΙΑΣΕΜΗ  |z 2008/07/11